Przebieg Linii tramwajowej nr 16 Ulicami we Wrocławiu - Statystyki

Ogólne statystyki
  • Ten quiz został rozwiązany 5 razy
  • Średni wynik to 8 z 23
Statystyki odpowiedzi
Odpowiedź % Poprawnych
Bardzka
60%
Nowowiejska
60%
Osobowicka
60%
Słowiańska
60%
Tarnogaj
60%
Tarnogajska
60%
Jedności Narodowej
40%
most Osobowicki
40%
Osobowice
40%
Piastowska
40%
Pomorska
40%
Pułaskiego
40%
Reymonta
40%
Armii Krajowej
20%
Dworzec Nadodrze
20%
Hubska
20%
Most Grunwaldzki
20%
Pl. Społeczny
20%
pl. Staszica
20%
pl. Wróblewskiego
20%
Trzebnicka
20%
Kujawska
0%
Rondo Regana Peron II
0%
Nie znaleziono quizów pasujących do podanych kryteriów
Rozkład punktacji
Procent ludzi z każdym wynikiem
Percentyl według liczby udzielonych odpowiedzi
Twoja historia wyników
Nie rozwiązałeś tego quizu